Practical algorithms for image analysis : (Include CD) (Record no. 193469)

000 -LEADER
fixed length control field 01275 a2200277 4500
003 - CONTROL NUMBER IDENTIFIER
control field Nust
005 - DATE AND TIME OF LATEST TRANSACTION
control field 20220804152551.0
010 ## - LIBRARY OF CONGRESS CONTROL NUMBER
LC control number 99018752
020 ## - INTERNATIONAL STANDARD BOOK NUMBER
International Standard Book Number 0521660653 (hb)
040 ## - CATALOGING SOURCE
Transcribing agency Nust
082 00 - DEWEY DECIMAL CLASSIFICATION NUMBER
Classification number 621.367,SEU
100 1# - MAIN ENTRY--PERSONAL NAME
Personal name Seul, Michael.
9 (RLIN) 96547
245 10 - TITLE STATEMENT
Title Practical algorithms for image analysis : (Include CD)
Remainder of title description, examples, and code /
Statement of responsibility, etc. Michael Seul, Lawrence O'Gorman, Michael J. Sammon.
260 ## - PUBLICATION, DISTRIBUTION, ETC.
Place of publication, distribution, etc. Cambridge ;
-- New York :
Name of publisher, distributor, etc. Cambridge University Press,
Date of publication, distribution, etc. 2000.
300 ## - PHYSICAL DESCRIPTION
Extent v, 295 p. :
Other physical details ill. ;
Dimensions 26 cm.
505 ## - FORMATTED CONTENTS NOTE
Formatted contents note Introduction (Page-1, Global Image Analysis (Page-21), Gray-Scale Image Analysis (Page-56), Binary Image Analysis (Page-118), Analysis Of Lines And Line Patterns (Page-176), Analysis Of Point Patterns (Page-221), Frequency Domain Analysis (Page-246).
650 #0 - SUBJECT ADDED ENTRY--TOPICAL TERM
Topical term or geographic name entry element Telecommunication Engineering.
650 #0 - SUBJECT ADDED ENTRY--TOPICAL TERM
General subdivision .
651 ## - SUBJECT ADDED ENTRY--GEOGRAPHIC NAME
Geographic name (Include CD)
9 (RLIN) 8953
700 1# - ADDED ENTRY--PERSONAL NAME
Personal name O'Gorman, Lawrence.
9 (RLIN) 96548
700 1# - ADDED ENTRY--PERSONAL NAME
Personal name Sammon, Michael J.
9 (RLIN) 96549
856 41 - ELECTRONIC LOCATION AND ACCESS
Materials specified Publisher description
Uniform Resource Identifier <a href="http://www.loc.gov/catdir/description/cam029/99018752.html">http://www.loc.gov/catdir/description/cam029/99018752.html</a>
856 41 - ELECTRONIC LOCATION AND ACCESS
Materials specified Sample text
Uniform Resource Identifier <a href="http://www.loc.gov/catdir/samples/cam032/99018752.html">http://www.loc.gov/catdir/samples/cam032/99018752.html</a>
856 41 - ELECTRONIC LOCATION AND ACCESS
Materials specified Table of contents
Uniform Resource Identifier <a href="http://www.loc.gov/catdir/toc/cam023/99018752.html">http://www.loc.gov/catdir/toc/cam023/99018752.html</a>
942 ## - ADDED ENTRY ELEMENTS (KOHA)
Koha item type Reference
Source of classification or shelving scheme
Holdings
Withdrawn status Lost status Source of classification or shelving scheme Damaged status Not for loan Permanent Location Current Location Shelving location Date acquired Full call number Barcode Date last seen Price effective from Koha item type Public note
          Military College of Signals (MCS) Military College of Signals (MCS) Reference 12/12/2016 621.367 SEU MCS28796 12/08/2016 12/12/2016 Reference Almirah No.20, Shelf No.6
© 2023 Central Library, National University of Sciences and Technology. All Rights Reserved.